Nothing is impossible with God : (Record no. 1954)
[ view plain ]
| 000 -LEADER | |
|---|---|
| fixed length control field | 03242cam a22005178i 4500 |
| 001 - CONTROL NUMBER | |
| control field | 1954 |
| 003 - CONTROL NUMBER IDENTIFIER | |
| control field | OCoLC |
| 005 - DATE AND TIME OF LATEST TRANSACTION | |
| control field | 20260413162019.0 |
| 007 - PHYSICAL DESCRIPTION FIXED FIELD--GENERAL INFORMATION | |
| fixed length control field | ta |
| 008 - FIXED-LENGTH DATA ELEMENTS--GENERAL INFORMATION | |
| fixed length control field | 260114s2026 nyu e 001 0 eng |
| 010 ## - LIBRARY OF CONGRESS CONTROL NUMBER | |
| LC control number | 2025049595 |
| 040 ## - CATALOGING SOURCE | |
| Original cataloging agency | DLC |
| Language of cataloging | eng |
| Description conventions | rda |
| Transcribing agency | DLC |
| Modifying agency | OCLCO |
| -- | HBP |
| -- | ZJI |
| -- | GO4 |
| -- | OF9 |
| -- | UAP |
| -- | OCO |
| -- | IMD |
| -- | IK2 |
| -- | CD5 |
| -- | DYJ |
| -- | YEQ |
| -- | OCLCO |
| -- | VPW |
| 020 ## - INTERNATIONAL STANDARD BOOK NUMBER | |
| International Standard Book Number | 9780063487659 |
| Qualifying information | (hardcover) : |
| Terms of availability | $32.00 |
| 020 ## - INTERNATIONAL STANDARD BOOK NUMBER | |
| International Standard Book Number | 0063487659 |
| Qualifying information | (hardcover) |
| 020 ## - INTERNATIONAL STANDARD BOOK NUMBER | |
| Canceled/invalid ISBN | 9780063487666 |
| Qualifying information | (ebook) |
| 035 ## - SYSTEM CONTROL NUMBER | |
| System control number | (OCoLC)1568876886 |
| 042 ## - AUTHENTICATION CODE | |
| Authentication code | pcc |
| 050 00 - LIBRARY OF CONGRESS CALL NUMBER | |
| Classification number | BS579.H4 |
| Item number | B74 2026 |
| 082 04 - DEWEY DECIMAL CLASSIFICATION NUMBER | |
| Classification number | 220.9/2 |
| Edition information | 23/eng/20260309 |
| 092 ## - LOCALLY ASSIGNED DEWEY CALL NUMBER (OCLC) | |
| Classification number | 220.92 |
| Item number | Bre |
| 049 ## - LOCAL HOLDINGS (OCLC) | |
| Holding library | VPW1 |
| 100 1# - MAIN ENTRY--PERSONAL NAME | |
| Personal name | Bream, Shannon, |
| Relator term | author. |
| Relationship | aut |
| -- | http://id.loc.gov/vocabulary/relators/aut |
| Real World Object URI | https://id.oclc.org/worldcat/entity/E39PBJxWRR7fKDTDcFqFR6pXVC |
| -- | http://id.loc.gov/rwo/agents/no2019090210 |
| 245 10 - TITLE STATEMENT | |
| Title | Nothing is impossible with God : |
| Remainder of title | Eleven heroes. One God. Endless lessons in overcoming / |
| Statement of responsibility, etc. | Shannon Bream. |
| 250 ## - EDITION STATEMENT | |
| Edition statement | First edition. |
| 264 #1 - PRODUCTION, PUBLICATION, DISTRIBUTION, MANUFACTURE, AND COPYRIGHT NOTICE | |
| Place of production, publication, distribution, manufacture | New York, NY : |
| Name of producer, publisher, distributor, manufacturer | Fox News Books, |
| Date of production, publication, distribution, manufacture, or copyright notice | [2026] |
| 300 ## - PHYSICAL DESCRIPTION | |
| Extent | xiv, 304 pages ; |
| Dimensions | 22 cm |
| 334 ## - MODE OF ISSUANCE | |
| Mode of issuance term | single unit |
| Mode of issuance code | mono |
| Authority record control number or standard number | http://id.loc.gov/vocabulary/issuance/mono |
| 336 ## - CONTENT TYPE | |
| Content type term | text |
| Content type code | txt |
| Source | rdacontent |
| Authority record control number or standard number | http://id.loc.gov/vocabulary/contentTypes/txt |
| 337 ## - MEDIA TYPE | |
| Media type term | unmediated |
| Media type code | n |
| Source | rdamedia |
| Authority record control number or standard number | http://id.loc.gov/vocabulary/mediaTypes/n |
| 338 ## - CARRIER TYPE | |
| Carrier type term | volume |
| Carrier type code | nc |
| Source | rdacarrier |
| Authority record control number or standard number | http://id.loc.gov/vocabulary/carriers/nc |
| 353 ## - SUPPLEMENTARY CONTENT CHARACTERISTICS | |
| Supplementary content term | index |
| Supplementary content code | index |
| Authority record control number or standard number | http://id.loc.gov/vocabulary/msupplcont/index |
| 500 ## - GENERAL NOTE | |
| General note | Includes index. |
| 505 0# - FORMATTED CONTENTS NOTE | |
| Formatted contents note | Part I: Overcoming when you don't understand God's plan. Gideon's Impostery Syndrome: making a choice when you feel overwhelmed -- Moses's Social Anxiety: Speaking up when you're alone -- Peter's Fear: When our tongues are a double-edged sword -- Part II: Overcoming when it's hard to love others. Joseph's family trauma: What to do when every institution fails you -- Jonah's anger: Loving people when you just don't feel like it -- Daniel's integrity: Resisting the culture when it conflicts with y our convictions -- Nehemiah's wisdom: Dreaming big in the face of opposition -- Part III: Overcoming when God feels far away. Noah's patience: Waiting on God in hard times -- Joshua's obedience: Staying an optimist in a pessimist's world -- Elijah's discouragement: how to stop a negative spiral -- Jesus: God with us is the ultimate overcomer. |
| 520 ## - SUMMARY, ETC. | |
| Summary, etc. | "If your life doesn't look the way you expected, that doesn't mean God can't use you. The Christian life often doesn't feel like the stained-glass images we remember from childhood--happy, holy, hopeful. But God never promised that we won't have trouble. Rather, He promises to be with us through the storm."--Amazon. |
| 650 #0 - SUBJECT ADDED ENTRY--TOPICAL TERM | |
| Topical term or geographic name entry element | Heroes in the Bible. |
| 650 #0 - SUBJECT ADDED ENTRY--TOPICAL TERM | |
| Topical term or geographic name entry element | Christian life |
| General subdivision | Biblical teaching. |
| 650 #6 - SUBJECT ADDED ENTRY--TOPICAL TERM | |
| Topical term or geographic name entry element | Héros dans la Bible. |
| Authority record control number or standard number | (CaQQLa)201-0169051 |
| 650 #6 - SUBJECT ADDED ENTRY--TOPICAL TERM | |
| Topical term or geographic name entry element | Vie chrétienne |
| General subdivision | Enseignement biblique. |
| Authority record control number or standard number | (CaQQLa)201-0019087 |
| 650 #7 - SUBJECT ADDED ENTRY--TOPICAL TERM | |
| Topical term or geographic name entry element | RELIGION / Christian Living / Inspirational. |
| Source of heading or term | bisacsh |
| 650 #7 - SUBJECT ADDED ENTRY--TOPICAL TERM | |
| Topical term or geographic name entry element | RELIGION / Christian Living / Personal Growth. |
| Source of heading or term | bisacsh |
| 655 #4 - INDEX TERM--GENRE/FORM | |
| Genre/form data or focus term | Religion. |
| 655 #4 - INDEX TERM--GENRE/FORM | |
| Genre/form data or focus term | Christian life. |
| 655 #7 - INDEX TERM--GENRE/FORM | |
| Genre/form data or focus term | Biographies. |
| Source of term | lcgft |
| 655 #7 - INDEX TERM--GENRE/FORM | |
| Genre/form data or focus term | Self-help publications. |
| Source of term | lcgft |
| 910 ## - USER-OPTION DATA (OCLC) | |
| User-option data | n26/4 cr |
No items available.